000 01245nam a2200217Ii 4500
003 JO-AjNU
005 20240623121926.0
008 230605s9999||||xx |||||||||||||| ||und||
040 _aJO-AjNU
_bara
_erda
_cJO-AjNU
041 _aara
050 1 4 _aBP152 2015
100 3 _aاعداد حمادة، نهاية ابراهيم محمد؛ اشراف احمد مصطفى القضاة,
_eauthor
_957827
245 0 0 _aالبناية في شرح الهداية للامام بدر الدين العيني من باب الصلاة الى باب الحدث في الصلاة (دراسة وتحقيق)=Al-Binayah Fi-Sharh Al-Hidayah By Imam Badr Al-Deen Alaini Form the chapter of "Description of prayer" to chapter of "Al-hdath Ritual Impurity in prayer" Study and investigation
260 _c2015
300 _a513 ورقة
_bرسالة جامعية (دكتوراة في تخصص الفقه واصوله)--جامعة العلوم الاسلامية العالمية، كلية الدراسات العليا، عمان)، 2015، يشتمل على ببلوغرافيا
336 _atext
_btxt
_2rdacontent
337 _aunmediated
_bn
_2rdamedia
338 _avolume
_bnc
_2rdacarrier
650 4 _aالفقه - فقه حنفي
_957828
942 _2lcc
_cTHS
999 _c29505
_d29505